| 000 | 00505nam a2200181Ia 4500 | ||
|---|---|---|---|
| 008 | 210719s2003 xx 000 0 und d | ||
| 041 | _aeng | ||
| 082 | _a820.33 RAGY | ||
| 100 | _aRAGHAVAN (Chudamani) | ||
| 245 | _aYamini Tr by Vasantha Surya | ||
| 260 |
_aChennai _bMacmillan India Ltd. _c2003 |
||
| 300 |
_av---70 _bPB |
||
| 365 |
_b45 _cRs |
||
| 650 | _aIndian English Fiction | ||
| 650 | _aIndian English Literature | ||
| 700 | _aVasantha Surya | ||
| 906 | _aby ; Surya ; Tr ; Vasantha ; Yamini | ||
| 999 |
_c214916 _d214916 |
||